Normal view
MARC view
Entry Geographic Name
001 - CONTROL NUMBER
- control field: 12277
003 - CONTROL NUMBER IDENTIFIER
- control field: ARRUPE
005 - DATE AND TIME OF LATEST TRANSACTION
- control field: 20141029113228.0
008 - FIXED-LENGTH DATA ELEMENTS
- fixed length control field: 141029|| aca||aabn | a|a d
040 ## - CATALOGING SOURCE
- Original cataloging agency: ARRUPE
- Transcribing agency: ARRUPE
151 ## - HEADING--GEOGRAPHIC NAME
- Geographic name: Nigeria
- General subdivision: Politics and government
- Chronological subdivision: 1993-2007
- Form subdivision: Fiction.
670 ## - SOURCE DATA FOUND
- Source citation: Work cat.: (ARRUPE)0: Habila, Helon, 1967- 12275, Waiting for an angel /, 2002.